Gaming Quiz

Random Gaming or Toys Quiz

Infocom Games Quiz Stats

 Plays Quiz Updated Nov 1, 2021

     
Support Sporcle.
Go Orange.
Score 0/48 Timer 08:00
0 Plays Today
Year Game % Correct
1980Zork I: The Great Underground Empire
81.5%
1981Zork II: The Wizard of Frobozz
76.7%
1982Zork III: The Dungeon Master
75.8%
1984The Hitchhiker's Guide to the Galaxy
49.6%
1983Planetfall
38.8%
1988Zork Zero: The Revenge of Megaboz
35.9%
1983Enchanter
31.6%
1983The Witness
30.7%
1987Beyond Zork: The Coconut of Quendor
30.4%
1986Leather Goddesses of Phobos
30.3%
1982Deadline
28.5%
1993Return to Zork
28.5%
1984Sorcerer
27.1%
1987Stationfall
24.4%
1985Wishbringer: The Magick Stone of Dreams
23.3%
1983Infidel
23%
1985A Mind Forever Voyaging
22%
1987Bureaucracy
21.7%
1985Spellbreaker
21.5%
1986Trinity
21.2%
1982Starcross
20.2%
1986Ballyhoo
20.1%
1983Suspended: A Cryogenic Nightmare
20.1%
1984Suspect
19.5%
Year Game % Correct
1987Nord and Bert Couldn't Make Head or Tail of It
18.9%
1987The Lurking Horror
18.5%
1997Zork: Grand Inquisitor
18.3%
1996Zork: Nemesis
17.8%
1986Moonmist
17.2%
1987Plundered Hearts
16.5%
1984Seastalker
15.9%
1988Sherlock: The Riddle of the Crown Jewels
15.3%
1984Cutthroats
14.7%
1989James Clavell's Shogun
14.3%
1986Hollywood Hijinx
14.1%
1989Arthur: The Quest for Excalibur
13.7%
1989Journey
13.5%
1992Leather Goddesses of Phobos 2
13.5%
1987Border Zone
13.3%
1988BattleTech: The Crescent Hawk's Inception
10.3%
1997Zork: The Undiscovered Underground
10%
1985Fooblitzky
9.4%
1989Circuit's Edge
7.6%
1988Mines of Titan
7.5%
1988Quarterstaff: The Tomb of Setmoth
7.3%
1989Tombs & Treasure
7.1%
1991BattleTech: The Crescent Hawk's Revenge
6.4%
1993Simon the Sorcerer
5%

From the Vault

Countries with Most Airports

by davidr

We can't work out if these are the countries that people most want to get into or out of.
Remove Ads.
Support Sporcle.
Get the best of Sporcle when you Go Orange. This ad-free experience offers more features, more stats, and more fun while also helping to support Sporcle. Thank you for becoming a member.

Show Comments

Extras

Top Quizzes Today


Score Distribution

Your Account Isn't Verified!

In order to create a playlist on Sporcle, you need to verify the email address you used during registration. Go to your Sporcle Settings to finish the process.

Report this User

Report this user for behavior that violates our Community Guidelines.

Details: